000 00631nam a2200229Ia 4500
003 OSt
005 20221007063614.0
006 a|||||r|||| 00| 0
007 ta
008 221006b |||||||| |||| 00| 0 eng d
024 _a21,988
037 _cTextual
040 _aFLL
_cFLL
_beng
041 _2eng
_aeng
082 _aX83:Z2qN56, L0
100 _aBhattacharjee A.K. Au.
_9684554
245 0 _aInsurance corporation act,1956
260 _aCalcutta
_bEastern Law House India
_c1970
300 _a238p
_ccm.
942 _hX83:Z2qN56, L0
_cTEXL
_2CC
999 _c1131657
_d1131657